[Event "San Pedro del Pinatar op 6th"]
[Site "San Pedro del Pinatar"]
[Date "2015.01.30"]
[Round "2"]
[White "Villalba Fernandez, Pedro David"]
[Black "Lasheras Martinez, Juan Thomas"]
[Result "0-1"]
[WhiteElo "1750"]
[BlackElo "1977"]
[PlyCount "96"]
[EventDate "2015.01.30"]
[EventType "swiss"]
[EventRounds "7"]
[EventCountry "ESP"]
[SourceTitle "CBM 164 Extra"]
[Source "ChessBase"]
[SourceDate "2015.03.02"]
[SourceVersion "1"]
[SourceVersionDate "2015.03.02"]
[SourceQuality "1"]

1. d4 Nf6 2. c4 e6 3. Nc3 Bb4 4. Bg5 c5 5. a3 Bxc3+ 6. bxc3 Qa5 7. Bd2 Ne4 8. Qc2 Nxd2 9. Qxd2 b6 10. e4 Bb7 11. d5 0-0 12. Bd3 f5 13. exf5 exd5 14. Ne2 Qa4 15. cxd5 Qh4 16. c4 b5 17. 0-0 bxc4 18. g3 Qg4 19. f3 Qh3 20. Nf4 Qh6 21. Bxc4 Rxf5 22. Rfe1 Rf8 23. Rab1 Ba6 24. Bxa6 Nxa6 25. Re7 Rab8 26. Rxb8 Nxb8 27. d6 Nc6 28. Qd5+ Kh8 29. Rxd7 Nd4 30. Rf7 Rb8 31. Qb7 Qxd6 32. Qe4 Nc6 33. Nh5 Qd1+ 34. Kg2 Qd2+ 35. Kh3 Qh6 36. g4 Nd4 37. Rxg7 Rf8 38. f4 Ne6 39. Re7 Nxf4+ 40. Kg3 Nxh5+ 41. gxh5 Qg5+ 42. Kh3 Qxh5+ 43. Kg3 Rg8+ 44. Kf2 Qxh2+ 45. Ke3 Rg3+ 46. Kf4 Qh4+ 47. Kf5 Rg5+ 48. Kf6 Rg4+ 0-1

[Event "San Pedro del Pinatar 4th"]
[Site "San Pedro del Pinatar"]
[Date "2013.01.11"]
[Round "1.4"]
[White "Villalba Fernandez, Pedro David"]
[Black "Sabater Sanchez, Asensio"]
[Result "0-1"]
[WhiteElo "1742"]
[BlackElo "2127"]
[PlyCount "96"]
[EventDate "2013.01.11"]
[EventType "swiss"]
[EventRounds "7"]
[EventCountry "ESP"]
[SourceTitle "EXT 2024"]
[Source "ChessBase"]
[SourceDate "2023.10.10"]
[SourceVersion "1"]
[SourceVersionDate "2023.10.10"]
[SourceQuality "1"]

1. e4 c5 2. Nc3 Nc6 3. g3 g6 4. d3 Bg7 5. Be3 Nd4 6. Bg2 e6 7. Qd2 Ne7 8. Nge2 0-0 9. 0-0 d6 10. Rfc1 Qa5 11. Bxd4 cxd4 12. Nb1 Qb6 13. Na3 Qa6 14. Qb4 Nc6 15. Qxd6 Rd8 16. Qc5 Bd7 17. Qb5 Qxb5 18. Nxb5 a6 19. Nd6 Rab8 20. Nc4 b5 21. Nd2 Rbc8 22. a3 Rc7 23. f4 f6 24. Nb3 e5 25. Nc5 Bc8 26. b4 Bf8 27. Nb3 Be6 28. Rab1 Rdc8 29. c3 dxc3 30. Rxc3 Bg4 31. Rc2 Nd4 32. Nexd4 Rxc2 33. Nxc2 Rxc2 34. h3 Be6 35. fxe5 fxe5 36. Kh2 Rc3 37. Nd2 Rxd3 38. Nf3 Bd6 39. Ra1 Bb3 40. Ng5 h6 41. Nf3 Kg7 42. g4 g5 43. h4 Bd1 44. Ne1 Rd2 45. hxg5 hxg5 46. Kg3 Bc7 47. Rc1 Bb6 48. Rc6 Bf2+ 0-1